000 00681nam a2200217Ia 4500
005 20241129111038.0
008 241129s9999||||xx |||||||||||||| ||und||
020 _a978-1-3501-3968-8
037 _aTB
040 _aCRL
_beng
_cCRL
041 _aeng
_2eng
084 _aO111:gM R1
_qCRL
100 _aWolfreys Julian Ed.; Szuba Monika Ed.
_9723254
245 0 _aReading victorian literature: essays in honour of J. Hillis Miller
_cWolfreys Julian Ed.; Szuba Monika Ed.
260 _aEdinburgh, UK
_bUniversity Press
_c2021
300 _axvi,445p.
365 _aUKP
_b24.99
650 _aEnglish Literature
942 _cTB
_hO111:gM R1
999 _c1228690
_d1228690